000 02135nam a22002537a 4500
003 Uzh_bibl
008 260429b |||||||| |||| 00| 0 ukr d
020 _c1.30
040 _aукр.
041 _2ukr
_aukr
080 _a821(477)
090 _a821(477)
_bМ 93
100 _aМушкетик, Юрій
245 _aВіхола
_hТекст
260 _aКиїв
_bМолодь
_c1983
300 _a304 с.
_fВ опр.
520 _aРоман відомого українського письменника, лауреата Державної премії УРСР імені Т. Г. Шевченка розповідає про ті дні Другої світової війни, коли ворог наступав на Схід і, крім загальної ненависті до нього, у людей було багато сімейних, побутових та інтимних проблем. Війна, як лакмус, випробовувала людей, породжувала пристрасті, ламала або загартовувала їх на боротьбу. У цій страшній кривавій хуртовині зіткнулися долі трьох молодих людей, комсомольців Віри і Михайла, і його дружини Проні. Письменник глибоко і тонко досліджує внутрішню мотивацію почуттів і вчинків своїх героїв, їх готовність до подвигу, їх відданість високим і гуманним ідеалам.
521 _aДля широкого кола читачів
546 _aукр.
650 _aЛітературно-художнє видання
_yДруга світова війна, час наступу німецьких військ на Схід (початок 1940-х років)
_zУкраїна
653 _aВійна
_aКохання
_aВибір
_aВірність
_aПодвиг
655 _aРоман (воєнно-психологічний)
_vРоман
942 _2udc
_cBK
999 _c17560
_d17560